Vector analysis with applications (Record no. 5838)

000 -LEADER
fixed length control field 00528nam a22002051 4500
001 - CONTROL NUMBER
control field 5838
003 - CONTROL NUMBER IDENTIFIER
control field BD-DhUET
008 - FIXED-LENGTH DATA ELEMENTS--GENERAL INFORMATION
fixed length control field 861017s1932 enka 000 0 eng c
020 ## - INTERNATIONAL STANDARD BOOK NUMBER
International Standard Book Number 8122405487
040 ## - CATALOGING SOURCE
Original cataloging agency DLC/ICU
Transcribing agency CGU
Modifying agency BD-DhUET
082 0# - DEWEY DECIMAL CLASSIFICATION NUMBER
Classification number 516.83
Item number ALI/1993
100 ## - MAIN ENTRY--PERSONAL NAME
Personal name Ali Ashraf, Md.
245 10 - TITLE STATEMENT
Title Vector analysis with applications
250 ## - EDITION STATEMENT
Edition statement 3rd ed.
260 ## - PUBLICATION, DISTRIBUTION, ETC. (IMPRINT)
Place of publication, distribution, etc. New Delhi
Name of publisher, distributor, etc. Wiley Eastern
Date of publication, distribution, etc. 1993
300 ## - PHYSICAL DESCRIPTION
Extent xv,308p.
Other physical details ill.
Dimensions 23 cm.
504 ## - BIBLIOGRAPHY, ETC. NOTE
Bibliography, etc Includes bibliographies
650 #0 - SUBJECT ADDED ENTRY--TOPICAL TERM
Topical term or geographic name as entry element Vector analysis
942 ## - ADDED ENTRY ELEMENTS (KOHA)
Koha item type General Book
Holdings
Not for loan Copy number Koha date last seen Shelving location Piece designation (barcode) Koha date last borrowed Date acquired Source of classification or shelving scheme Koha item type Lost status Withdrawn status Koha full call number Koha normalized classification for sorting Location (home branch) Sublocation or collection (holding branch) Price effective from Koha out on loan Damaged status Koha renewals Koha issues (times borrowed)
 82022-12-13Circulation section875312022-12-132014-11-29 General Book  516.83/ALI/1993516_830000000000000_ALI_1993Central Library, BUETCentral Library, BUET2014-11-292022-12-27  3
 22025-05-13Circulation section875282025-04-292014-12-21 General Book  516.83/ALI/1998516_830000000000000_ALI_1998Central Library, BUETCentral Library, BUET2014-12-21  113
 32016-04-02Circulation section87530 2015-01-27 General Book  516.83/ALI/1998516_830000000000000_ALI_1998Central Library, BUETCentral Library, BUET2015-01-27    
 42025-11-30Circulation section487832022-12-132015-01-31 General Book  516.83/ALI/1998516_830000000000000_ALI_1998Central Library, BUETCentral Library, BUET2015-01-31   6
 12020-11-03Circulation section941022020-01-052015-02-11 General Book  516.83/ALI/1998516_830000000000000_ALI_1998Central Library, BUETCentral Library, BUET2015-02-11   5
 72025-11-18Circulation section875252024-04-022015-04-11 General Book  516.83/ALI/1993516_830000000000000_ALI_1993Central Library, BUETCentral Library, BUET2015-04-11   8
 62025-11-29Circulation section875262023-09-272015-04-23 General Book  516.83/ALI/1993516_830000000000000_ALI_1993Central Library, BUETCentral Library, BUET2015-04-23   6
 72022-05-25Circulation section875292022-03-302015-05-03 General Book  516.83/ALI/1993516_830000000000000_ALI_1993Central Library, BUETCentral Library, BUET2015-05-03   2
 92015-06-07Reading section87550 2015-06-07 Reading Item  516.83/ALI/1993516_830000000000000_ALI_1993Central Library, BUETCentral Library, BUET2015-06-07    
 102015-06-07Reading section92374 2015-06-07 Reading Item  516.83/ALI/1993516_830000000000000_ALI_1993Central Library, BUETCentral Library, BUET2015-06-07    
 122015-06-08Reading section94100 2015-06-08 Reading Item  516.83/ALI/1993516_830000000000000_ALI_1993Central Library, BUETCentral Library, BUET2015-06-08    
 132015-06-14Reading section87551 2015-06-14 Reading Item  516.83/ALI/1993516_830000000000000_ALI_1993Central Library, BUETCentral Library, BUET2015-06-14    
 142017-03-04Circulation section87527 2015-09-02 General Book  516.83/ALI/1993516_830000000000000_ALI_1993Central Library, BUETCentral Library, BUET2015-09-02